000 00600naa a2200217 i 4500
001 4432
003 ES-MaBCM
005 20241016090846.0
008 881229s1988 esp 000 0 spa d
021 _axx
035 _a(OCoLC)1337630670
040 _cES-MaBCM
041 0 _aspa
043 _aesp
100 1 _aTorrero Mañas, Antonio
_946620
245 1 3 _aLa dimensión del sistema bancario español
_cAntonio Torrero Mañas
650 2 7 _aBanca
_957691
651 2 4 _aEspaña
_9115342
773 0 _aEn:
_tEconomistas
_dMadrid : 1988
_w104402
_gnº 33, agosto-septiembre ; p. 60-65
942 _cAREV
999 _c4432
_d4432